000 00273nam a22001097a 4500
008 170112b xxu||||| |||| 00| 0 eng d
020 _a0781785901
041 _aeng
080 _212TH
_a618.2
245 _aTEXTBOOK OF MEDICAL-SURGICAL NURSING
_cSMELTZER, S.C
942 _2udc
_cBK
999 _c2752
_d2752